[Event "Schachfestival Open-A 2018"]
[Site "Lueneburg"]
[Date "2018.07.06"]
[Round "1"]
[White "Mirzoev, Azer"]
[Black "Ziese, Gerhard"]
[Result "1-0"]
[WhiteElo "2506"]
[BlackElo "1943"]
[Annotator "TA"]
[PlyCount "67"]
[EventDate "2018.07.06"]
[EventType "swiss"]
[EventCountry "GER"]
[SourceTitle "playchess.com"]
[Source "ChessBase"]
[SourceQuality "1"]

{[%evp 20,67,66,50,59,58,66,52,66,37,70,66,105,98,111,77,123,124,125,106,151,112,117,112,112,122,157,116,135,138,175,166,162,126,412,410,475,476,470,456,562,552,558,559,726,779,775,727,2093,2034]} 1. c4 Nf6 2. Nc3 g6 3. d4 c5 4. d5 d6 5. Nf3 Bg7 6. e4 O-O 7. Be2 Bg4 8. O-O Nbd7 9. h3 Bxf3 10. Bxf3 a6 {E91: King's Indian: Classical: 6 Be2, unusual replies including 6...c5 and 6...Bg4} 11. a4 {[%cal Ba2a4,Ba4a5][%mdl 32] LiveBook: 12 Games} (11. Be2 Qc7 12. Bf4 Rfe8 13. Qc2 e6 14. dxe6 Rxe6 15. Rfe1 Rae8 16. Bd3 Ne5 17. Rad1 Nc6 18. Qd2 {½-½ (43) Vitiugov,N (2731)-Shomoev,A (2550) Sochi 2017}) 11... Qc7 12. Bf4 Rad8 $146 {White is slightly better.} ({Predecessor:} 12... Ne5 13. Be2 e6 14. Bd2 exd5 15. exd5 Rae8 16. b3 Re7 17. Qc2 Ne8 18. Rae1 {1-0 (35) Kotsur,P (2548)-Kopylov,A (2425) Tyumen 2012}) 13. Re1 Rfe8 14. Qd2 Nb6 15. Be2 Nfd7 16. a5 Nc8 17. Bf1 Nf8 18. Bg5 Rd7 19. Qc2 e5 20. g3 f6 21. Bd2 Rf7 22. h4 $36 {[%mdl 2048] White has strong initiative.} Ne7 23. Bh3 f5 24. Kg2 Nd7 25. Bg5 Bf6 26. exf5 Bxg5 $4 {[%mdl 8192] [#]} (26... Nxf5 $16 27. Bxf5 gxf5) 27. fxg6 $18 ({Weaker is} 27. hxg5 gxf5 28. b3 Ref8 $14) 27... Nxg6 28. hxg5 {White is clearly winning.} Ndf8 29. Ne4 Ree7 30. Rh1 Kg7 31. Qb3 Nd7 32. Be6 Rf8 33. Rh6 Rh8 34. Qf3 {Precision: White = 53%, Black = 22%.} 1-0

[Event "Schachfestival Open-A 2018"]
[Site "Lueneburg"]
[Date "2018.07.06"]
[Round "1"]
[White "Karpatchev, Aleksandr"]
[Black "Hesse, Juergen"]
[Result "1-0"]
[WhiteElo "2469"]
[BlackElo "1925"]
[Annotator "ChessBase"]
[PlyCount "35"]
[EventDate "2018.07.06"]
[EventType "swiss"]
[EventCountry "GER"]
[SourceTitle "playchess.com"]
[Source "ChessBase"]
[SourceQuality "1"]
[TimeControl "40/5400+30:1800+30"]

1. e4 {[%emt 0:00:07]} e5 {[%emt 0:00:00]} 2. Bc4 {[%emt 0:00:54]} Nf6 {[%emt 0:00:31]} 3. d3 {[%emt 0:00:08]} c6 {[%emt 0:03:02]} 4. Nf3 {[%emt 0:00:50]} d5 {[%emt 0:02:46]} 5. Bb3 {[%emt 0:00:11]} Nbd7 {[%emt 0:05:25]} 6. O-O {[%emt 0:02:11]} Be7 {[%emt 0:02:02]} 7. exd5 {[%emt 0:01:13]} Nxd5 {[%emt 0:04:01]} 8. Re1 {[%emt 0:00:38]} f6 {[%emt 0:03:21]} 9. d4 {[%emt 0:02:07]} exd4 {[%emt 0:03:11]} 10. Qxd4 {[%emt 0:02:16]} N7b6 {[%emt 0:10:20]} 11. Qe4 {[%emt 0:01:59]} Kf8 {[%emt 0:10:00]} 12. Nc3 {[%emt 0:12:19]} Bd6 {[%emt 0:08:54]} 13. Bd2 {[%emt 0:00:31]} Bd7 {[%emt 0:04:09]} 14. Rad1 {[%emt 0:05:48]} Qc7 {[%emt 0:02:35]} 15. Qh4 {[%emt 0:04:32]} Ne7 {[%emt 0:06:39]} 16. Ne4 {[%emt 0:08:10]} Ng6 {[%emt 0:06:02]} 17. Qh5 {[%emt 0:01:41]} Bf4 {[%emt 0:01:39]} 18. Bb4+ {[%emt 0:00:20]} 1-0

[Event "Schachfestival Open-A 2018"]
[Site "Lueneburg"]
[Date "2018.07.06"]
[Round "1"]
[White "Genov, Petar"]
[Black "von Estorff, Jacob"]
[Result "1-0"]
[WhiteElo "2435"]
[BlackElo "1838"]
[Annotator "TA"]
[PlyCount "81"]
[EventDate "2018.07.06"]
[EventType "swiss"]
[EventCountry "GER"]
[SourceTitle "playchess.com"]
[Source "ChessBase"]
[SourceQuality "1"]

{[%evp 15,81,-18,30,33,18,0,32,50,80,61,56,33,52,23,53,33,41,47,49,56,53,44,74,64,77,73,112,105,113,65,62,61,122,104,135,111,123,122,133,117,162,95,185,178,228,223,201,151,135,121,208,211,203,187,242,220,309,281,499,305,559,429,582,554,767,739,2685,2395]} 1. Nf3 d5 2. g3 Nf6 3. Bg2 e6 4. O-O Be7 5. c4 d4 (5... O-O 6. b3 c5 7. cxd5 Nxd5 8. Bb2 Nc6 9. d4 cxd4 10. Nxd4 Nxd4 11. Qxd4 Bf6 12. Qd2 Nf4 13. gxf4 Qxd2 14. Nxd2 Bxb2 15. Rab1 Bf6 16. Rbc1 Rd8 17. Ne4 Be7 18. Rc7 Kf8 19. Rfc1 {1-0 (49) Kramnik,V (2792)-Mamedyarov,S (2808) Paris 2018}) 6. e3 {A14: English Opening: 1...e6 with b3 by White} c5 7. exd4 cxd4 8. b4 {[%cal Bb2b4,Bb4b5][%mdl 32]} O-O {LiveBook: 5 Games} 9. a3 a5 10. b5 Bc5 11. d3 b6 $146 ({Predecessor:} 11... Nbd7 12. Re1 Re8 13. Nbd2 {1-0 (33) Tazbir,M (2524)-Lewicki,M (2221) Hucisko 2016}) 12. Ne5 Ra7 13. Bg5 Bb7 14. Nd2 Bxg2 15. Kxg2 h6 16. Bxf6 $1 Qxf6 17. f4 Qe7 18. a4 Rc7 19. Ra2 {[%cal Ba1a2,Ba2e2,Be2e4][%mdl 32]} Nd7 20. Nc6 Qe8 21. Nb3 Nb8 22. Nxb8 Qxb8 23. Qf3 Qa8 ({Better is} 23... Re8 $14) 24. Re2 Qxf3+ 25. Rxf3 ({Don't play} 25. Kxf3 $6 Bb4 $11) 25... Re8 26. g4 Kf8 27. Rf1 Ke7 {[#]} 28. Re4 (28. f5 $1 $18) 28... Rd7 (28... Kd6 $16) 29. f5 $18 Rd6 30. fxe6 Rxe6 31. Rxe6+ fxe6 {[%mdl 4096] Endgame KRB-KRN} 32. Nd2 Rd8 (32... g5 $16 {was necessary.}) 33. Ne4 Bd6 34. h4 {[%cal Bh2h4,Bh4h5][%mdl 32]} Rd7 (34... g6 {is a better defense.} 35. Nxd6 Kxd6) 35. h5 Bb4 (35... Be5 $142 36. c5 bxc5) 36. g5 Rd8 $2 {[#]} (36... hxg5 {keeps fighting.} 37. Kf3 (37. Nxg5 Bd2 $16) 37... Ke8) 37. Kg3 e5 $2 (37... Bd6+ {was worth a try.} 38. Nxd6 Kxd6) 38. Kg4 {White is clearly winning.} hxg5 39. Rf5 Ke6 {and the idea ...Be7 leaves Black hopeful.} 40. Nxg5+ Kd6 41. Nf7+ {Precision: White = 76%, Black = 16%.} 1-0

[Event "Schachfestival Open-A 2018"]
[Site "Lueneburg"]
[Date "2018.07.06"]
[Round "1"]
[White "Kumsiashvili, Nikoloz"]
[Black "Roehr, Oliver"]
[Result "1-0"]
[WhiteElo "2411"]
[BlackElo "1900"]
[Annotator "ChessBase"]
[PlyCount "69"]
[EventDate "2018.07.06"]
[EventType "swiss"]
[EventCountry "GER"]
[SourceTitle "playchess.com"]
[Source "ChessBase"]
[SourceQuality "1"]
[TimeControl "40/5400+30:1800+30"]

1. d4 {[%emt 0:00:00]} Nf6 {[%emt 0:00:00]} 2. c4 {[%emt 0:00:00]} e6 {[%emt 0:00:00]} 3. Nf3 {[%emt 0:00:02]} d5 {[%emt 0:00:18]} 4. Nc3 {[%emt 0:00:12]} Be7 {[%emt 0:00:39]} 5. cxd5 {[%emt 0:00:40]} exd5 {[%emt 0:00:14]} 6. Bg5 {[%emt 0:00:05]} O-O {[%emt 0:00:33]} 7. Qc2 {[%emt 0:00:32]} Re8 {[%emt 0:03:51]} 8. e3 {[%emt 0:00:59]} Ne4 {[%emt 0:09:55]} 9. Bxe7 {[%emt 0:00:51]} Rxe7 {[%emt 0:00:23]} 10. Bd3 {[%emt 0:02:10]} Nxc3 {[%emt 0:13:18]} 11. Bxh7+ {[%emt 0:04:52]} Kh8 {[%emt 0:00:11]} 12. bxc3 {[%emt 0:00:04]} g6 {[%emt 0:00:33]} 13. Bxg6 {[%emt 0:00:04]} fxg6 {[%emt 0:00:09]} 14. Qxg6 {[%emt 0:00:11]} Rg7 {[%emt 0:13:10]} 15. Qh6+ {[%emt 0:01:39]} Kg8 {[%emt 0:02:20]} 16. h4 {[%emt 0:05:26]} Bg4 {[%emt 0:08:00]} 17. Ne5 {[%emt 0:02:08]} Qd6 {[%emt 0:07:19]} 18. Qxd6 {[%emt 0:01:16]} cxd6 {[%emt 0:00:08]} 19. Nd3 {[%emt 0:01:51]} Nd7 {[%emt 0:02:23]} 20. f3 {[%emt 0:01:32]} Bf5 {[%emt 0:01:30]} 21. Nf4 {[%emt 0:00:16]} Nb6 {[%emt 0:03:55]} 22. g4 {[%emt 0:00:38]} Bd7 {[%emt 0:00:49]} 23. Kf2 {[%emt 0:02:32]} Rc8 {[%emt 0:01:48]} 24. Rac1 {[%emt 0:00:07]} Kf7 {[%emt 0:06:02]} 25. h5 {[%emt 0:03:24]} Kg8 {[%emt 0:04:31]} 26. Rhg1 {[%emt 0:02:17]} Rf8 {[%emt 0:02:03]} 27. g5 {[%emt 0:01:22]} Kh7 {[%emt 0:02:12]} 28. Rg3 {[%emt 0:02:31]} Rf5 {[%emt 0:01:47]} 29. Rcg1 {[%emt 0:00:30]} Bc6 {[%emt 0:06:31]} 30. h6 {[%emt 0:01:29]} Rg8 {[%emt 0:00:36]} 31. g6+ {[%emt 0:00:36]} Kh8 {[%emt 0:00:08]} 32. Ne6 {[%emt 0:05:56]} Rf6 {[%emt 0:01:34]} 33. g7+ {[%emt 0:00:15]} Kh7 {[%emt 0:00:11]} 34. Ng5+ {[%emt 0:00:29]} Kxh6 {[%emt 0:00:30]} 35. Nf7+ {[%emt 0:00:07]} 1-0

[Event "Schachfestival Open-A 2018"]
[Site "Lueneburg"]
[Date "2018.07.06"]
[Round "1"]
[White "Colpe, Malte"]
[Black "Kiesel, Lucas"]
[Result "1-0"]
[WhiteElo "2382"]
[BlackElo "1893"]
[Annotator "ChessBase"]
[PlyCount "131"]
[EventDate "2018.07.06"]
[EventType "swiss"]
[EventCountry "GER"]
[SourceTitle "playchess.com"]
[Source "ChessBase"]
[SourceQuality "1"]
[TimeControl "40/5400+30:1800+30"]

1. d4 {[%emt 0:00:00]} e6 {[%emt 0:00:00]} 2. Nf3 {[%emt 0:00:00]} Nf6 {[%emt 0:00:28]} 3. Bf4 {[%emt 0:00:14]} d5 {[%emt 0:00:14]} 4. e3 {[%emt 0:00:39]} Bd6 {[%emt 0:00:18]} 5. Bg3 {[%emt 0:00:12]} O-O {[%emt 0:00:05]} 6. Bd3 {[%emt 0:00:48]} b6 {[%emt 0:00:33]} 7. Nbd2 {[%emt 0:02:51]} Bb7 {[%emt 0:00:56]} 8. Ne5 {[%emt 0:03:09]} c6 {[%emt 0:07:34]} 9. O-O {[%emt 0:03:42]} Nbd7 {[%emt 0:00:22]} 10. Nxf7 {[%emt 0:03:19]} Rxf7 {[%emt 0:00:16]} 11. Bxd6 {[%emt 0:00:09]} c5 {[%emt 0:00:22]} 12. Bg3 {[%emt 0:04:11]} c4 {[%emt 0:00:20]} 13. Be2 {[%emt 0:00:09]} b5 {[%emt 0:00:13]} 14. Bf3 {[%emt 0:02:51]} Qe7 {[%emt 0:01:15]} 15. a4 {[%emt 0:02:34]} Qb4 {[%emt 0:09:10]} 16. axb5 {[%emt 0:01:03]} Qxb5 {[%emt 0:00:01]} 17. Qe2 {[%emt 0:04:18]} Bc6 {[%emt 0:00:54]} 18. Rfb1 {[%emt 0:10:14]} Nb6 {[%emt 0:01:00]} 19. b3 {[%emt 0:09:41]} c3 {[%emt 0:00:23]} 20. Qxb5 {[%emt 0:01:57]} Bxb5 {[%emt 0:00:01]} 21. Ra5 {[%emt 0:00:57]} a6 {[%emt 0:01:50]} 22. Nf1 {[%emt 0:01:03]} Ne4 {[%emt 0:00:56]} 23. Bxe4 {[%emt 0:01:48]} dxe4 {[%emt 0:00:16]} 24. Bd6 {[%emt 0:02:23]} Nd5 {[%emt 0:02:30]} 25. Ng3 {[%emt 0:01:02]} Nf6 {[%emt 0:00:29]} 26. Be5 {[%emt 0:06:05]} Ng4 {[%emt 0:13:41]} 27. Rba1 {[%emt 0:01:27]} Raf8 {[%emt 0:01:53]} 28. Bd6 {[%emt 0:00:36]} Rd8 {[%emt 0:02:48]} 29. Bb4 {[%emt 0:10:03]} Nxf2 {[%emt 0:00:49]} 30. Bxc3 {[%emt 0:02:36]} Rc8 {[%emt 0:01:02]} 31. Bb4 {[%emt 0:00:29]} Ng4 {[%emt 0:15:13]} 32. c4 {[%emt 0:01:34]} Bc6 {[%emt 0:01:09]} 33. Rxa6 {[%emt 0:00:57]} Rb7 {[%emt 0:01:22]} 34. Bc5 {[%emt 0:05:49]} Rxb3 {[%emt 0:02:15]} 35. Nf1 {[%emt 0:02:12]} Rc3 {[%emt 0:04:21]} 36. h3 {[%emt 0:03:08]} Nh6 {[%emt 0:00:19]} 37. Nd2 {[%emt 0:03:04]} Nf5 {[%emt 0:00:34]} 38. R6a3 {[%emt 0:06:11]} Rxe3 {[%emt 0:11:18]} 39. Rxe3 {[%emt 0:02:32]} Nxe3 {[%emt 0:00:02]} 40. Re1 {[%emt 0:02:04]} Nf5 {[%emt 0:14:22]} 41. Nxe4 {[%emt 0:02:50]} Rd8 {[%emt 0:03:45]} 42. Ng5 {[%emt 0:05:59]} Nxd4 {[%emt 0:02:14]} 43. Nxe6 {[%emt 0:00:21]} Nxe6 {[%emt 0:08:51]} 44. Rxe6 {[%emt 0:00:03]} Be8 45. Be3 Kf7 {[%emt 0:06:52]} 46. Ra6 {[%emt 0:04:04]} Bd7 {[%emt 0:04:06]} 47. c5 {[%emt 0:02:44]} Rc8 {[%emt 0:00:28]} 48. Kf2 {[%emt 0:01:48]} h5 {[%emt 0:03:05]} 49. Bd4 {[%emt 0:01:31]} Rc6 {[%emt 0:01:34]} 50. Ra8 {[%emt 0:00:18]} Rc8 {[%emt 0:00:50]} 51. Ra7 {[%emt 0:02:00]} Ke6 {[%emt 0:01:21]} 52. Ra6+ {[%emt 0:00:18]} Rc6 {[%emt 0:00:21]} 53. Ra7 {[%emt 0:01:15]} g6 {[%emt 0:00:21]} 54. Ke3 {[%emt 0:00:51]} Ke7 {[%emt 0:07:48]} 55. Kf4 {[%emt 0:00:54]} Ke8 {[%emt 0:00:46]} 56. Ke5 {[%emt 0:01:59]} Bf5 {[%emt 0:00:48]} 57. Kd5 {[%emt 0:00:21]} Bd7 {[%emt 0:00:11]} 58. Be5 {[%emt 0:01:43]} Rc8 {[%emt 0:02:39]} 59. Ra6 {[%emt 0:00:41]} Bf5 {[%emt 0:00:19]} 60. c6 {[%emt 0:01:39]} Bc2 {[%emt 0:00:28]} 61. Ra7 {[%emt 0:01:38]} Bb3+ {[%emt 0:00:58]} 62. Kc5 {[%emt 0:00:14]} Bf7 {[%emt 0:00:33]} 63. Bd6 {[%emt 0:00:21]} Bb3 {[%emt 0:00:44]} 64. Re7+ {[%emt 0:00:11]} Kd8 {[%emt 0:00:06]} 65. c7+ {[%emt 0:00:11]} Rxc7+ {[%emt 0:00:24]} 66. Rxc7 1-0

[Event "Schachfestival Open-A 2018"]
[Site "Lueneburg"]
[Date "2018.07.06"]
[Round "1"]
[White "Buchenau, Frank"]
[Black "Ploder, Udo"]
[Result "0-1"]
[WhiteElo "2275"]
[BlackElo "1874"]
[Annotator "NA"]
[PlyCount "80"]
[EventDate "2018.07.06"]
[EventType "swiss"]
[EventCountry "GER"]
[SourceTitle "playchess.com"]
[Source "ChessBase"]
[SourceQuality "1"]
[TimeControl "40/5400+30:1800+30"]

{[%evp 11,80,22,32767,30,32767,33,32767,32767,32767,32767,32767,32767,32767,32767,32767,32767,32767,32767,-83,-97,32767,32,32767,-107,24,0,10,0,313,32767,306,390,369,163,263,255,594,645,666,325,408,463,479,437,454,447,436,464,468,337,339,362,300,404,375,374,443,0,0,-94,-101,32767,32767,32767,32767,32767,32767,32767,-142,-670,-948]} 1. e4 {[%emt 0:00:00]} e5 {[%emt 0:00:00]} 2. Bc4 {[%emt 0:00:00]} Nf6 {[%emt 0:00:03]} 3. d3 {[%emt 0:00:00]} Bc5 {[%emt 0:00:54]} 4. Nf3 {[%emt 0:00:00]} Nc6 {[%emt 0:00:33]} 5. O-O {[%emt 0:00:08]} O-O {[%emt 0:00:36]} 6. c3 {[%emt 0:00:18]} d5 {[%emt 0:01:38]} 7. exd5 {[%emt 0:05:40]} Nxd5 {[%emt 0:00:29]} 8. Re1 {[%emt 0:00:09] LiveBook: 177 Games} Bg4 {[%emt 0:05:34]} 9. h3 {[%emt 0:00:54] C54: Giuoco Piano: 4 c3 Nf6, main lines with 5 d4 and 5 d3} Bh5 {[%emt 0:06:26]} 10. b4 {[%emt 0:01:52]} (10. g4 Bg6 11. Nxe5 Nxe5 12. Rxe5 c6 13. Qf3 Bd6 14. Re1 Kh8 15. Bxd5 cxd5 16. Bf4 d4 17. cxd4 {1-0 (38) McShane,L (2640)-Sethuraman,S (2646) Riadh 2017}) 10... Bxf3 {[%emt 0:10:43]} 11. Qxf3 {[%emt 0:00:43]} Ndxb4 {[%emt 0:00:28]} 12. cxb4 {[%emt 0:03:04]} Bd4 {[%emt 0:00:20]} 13. Nd2 $146 {[%emt 0:27:32]} ({Predecessor:} 13. Bg5 Qxg5 14. b5 Na5 15. Na3 Bxa1 16. Rxa1 Qd2 {0-1 (34) Yearwood,S (1670)-Winter Roach,A (2155) Port of Spain 2017}) 13... Bxa1 {[%emt 0:13:42]} 14. Ne4 {[%emt 0:00:52] [#]} Nd4 $1 {[%emt 0:06:38]} ({Don't go for} 14... Nxb4 $2 15. Bg5 $18) 15. Qh5 {[%emt 0:04:35]} g6 {[%emt 0:01:52]} 16. Qd1 {[%emt 0:12:50]} Kg7 {[%emt 0:05:38]} 17. b5 {[%emt 0:14:19] [#]} (17. a4 $1 $11 {was the only way to keep the balance.}) 17... f5 {[%emt 0:09:58]} (17... a6 $1 $17 {[%cal Ra6b5]} 18. b6 cxb6) 18. Bg5 {[%emt 0:00:38]} Qe8 {[%emt 0:02:00]} 19. Qxa1 {[%emt 0:12:27]} Nc2 $2 {[%emt 0:02:17]} (19... fxe4 $11 20. Qc1 Kh8) 20. Qc1 {[%emt 0:02:46]} Nxe1 {[%emt 0:00:36]} 21. Nc5 {[%emt 0:01:29]} Nxd3 {[%emt 0:01:15]} 22. Bxd3 {[%emt 0:01:18]} (22. Bh6+ $142 Kh8 23. Nxd3) 22... f4 {[%emt 0:01:48] [#]} (22... b6 {kämpft weiter.}) 23. Qc4 $1 {[%emt 0:01:45]} ({Stronger than} 23. Nxb7 h6 $17) 23... Rf7 $2 {[%emt 0:06:50]} (23... Qf7 {is a better chance.}) 24. Ne6+ {[%emt 0:01:29]} Kh8 {[%emt 0:02:30]} 25. Qd5 {[%emt 0:00:40]} Rc8 {[%emt 0:05:10]} (25... h6 {might work better.} 26. Bxh6 Qd7 27. Qxe5+ Kh7) 26. Qxe5+ {[%emt 0:02:19]} Kg8 {[%emt 0:00:10]} 27. Bc4 {[%emt 0:01:40]} c6 {[%emt 0:03:11]} 28. bxc6 {[%emt 0:00:06]} Rxc6 {[%emt 0:00:48]} 29. Bd5 {[%emt 0:01:12]} Rc5 {[%emt 0:01:45]} 30. Qd4 {[%emt 0:00:44]} Rxd5 {[%emt 0:01:00]} 31. Qxd5 {[%emt 0:00:06]} Rf5 {[%emt 0:01:32]} 32. Qb3 {[%emt 0:00:36]} Qb5 {[%emt 0:01:43]} 33. Qc3 {[%emt 0:01:23]} Qd7 {[%emt 0:02:37]} 34. Qc4 $2 {[%emt 0:00:14]} ({Weiss kommt nicht vorbei an} 34. Bh6 $18) 34... b5 {[%emt 0:01:11]} 35. Qb3 {[%emt 0:00:23]} (35. Qe2 $1 $11 {keeps the balance.}) 35... Qd5 {[%emt 0:00:18]} 36. Bxf4 {[%emt 0:01:44]} Qxb3 {[%emt 0:00:33]} 37. axb3 {[%emt 0:00:01]} Rf6 {[%emt 0:00:20]} 38. Be3 {[%emt 0:01:03]} Rxe6 {[%emt 0:00:08]} 39. Bxa7 {[%emt 0:00:02]} Re1+ {[%emt 0:00:21]} 40. Kh2 {[%emt 0:00:08]} Rb1 $19 {[%emt 0:00:13]} 0-1

[Event "Schachfestival Open-A 2018"]
[Site "Lueneburg"]
[Date "2018.07.06"]
[Round "1"]
[White "Weishaeutel, Moritz"]
[Black "Gronsfeld, Stefan"]
[Result "1-0"]
[WhiteElo "2236"]
[BlackElo "1853"]
[Annotator "NA"]
[PlyCount "67"]
[EventDate "2018.07.06"]
[EventType "swiss"]
[EventCountry "GER"]
[SourceTitle "playchess.com"]
[Source "ChessBase"]
[SourceQuality "1"]
[TimeControl "40/5400+30:1800+30"]

1. e4 {[%emt 0:00:00]} e6 {[%emt 0:00:00]} 2. d4 {[%emt 0:00:34]} d5 {[%emt 0:00:00]} 3. Nc3 {[%emt 0:00:34]} Nf6 {[%emt 0:00:00]} 4. e5 {[%emt 0:00:38]} Nfd7 {[%emt 0:00:02]} 5. f4 {[%emt 0:00:46]} c5 {[%emt 0:00:07]} 6. Nf3 {[%emt 0:00:31]} Nc6 {[%emt 0:00:08]} 7. Be3 {[%emt 0:00:30]} Be7 {[%emt 0:00:57]} 8. Qd2 {[%emt 0:01:39]} a6 {[%emt 0:00:19]} 9. dxc5 {[%emt 0:01:43]} Nxc5 {[%emt 0:00:27] C11: French: Classical System: 4 e5 and 4 Bg5 dxe4} 10. Qf2 {[%emt 0:01:36]} (10. a3 O-O 11. Rd1 b6 12. Be2 a5 13. O-O Ba6 14. Bxa6 Rxa6 {½-½ (48) Nabaty,T (2650)-Kovalenko,I (2659) Martuni 2017}) 10... Nd7 {[%emt 0:01:14]} 11. O-O-O {[%emt 0:00:51]} b5 {[%emt 0:03:59]} 12. Kb1 {[%emt 0:01:54]} Qc7 {[%emt 0:15:38]} 13. Nd4 {[%emt 0:04:21]} Nxd4 {[%emt 0:02:02]} 14. Bxd4 {[%emt 0:00:09]} Nc5 {[%emt 0:06:16]} 15. Bd3 {[%emt 0:21:18]} b4 {[%emt 0:04:27]} 16. Ne2 {[%emt 0:00:32]} Bd7 {[%emt 0:07:31]} 17. Qg3 $146 {[%emt 0:11:38]} ({Predecessor:} 17. g4) 17... g6 {[%emt 0:06:02]} 18. f5 {[%emt 0:01:30]} Nxd3 {[%emt 0:10:33]} 19. fxe6 {[%emt 0:09:51]} Bxe6 {[%emt 0:04:49]} 20. cxd3 {[%emt 0:05:11]} Qb7 {[%emt 0:07:57]} 21. Nf4 {[%emt 0:08:29]} O-O-O {[%emt 0:02:34]} (21... b3 $11) 22. Nxe6 {[%emt 0:01:21]} fxe6 {[%emt 0:00:07]} 23. Qh3 {[%emt 0:00:47]} Kd7 $1 {[%emt 0:02:34]} 24. Rhf1 {[%emt 0:00:36]} Rdf8 {[%emt 0:03:47]} 25. Rxf8 {[%emt 0:01:39]} Bxf8 {[%emt 0:00:10]} 26. Rf1 {[%emt 0:00:14]} Be7 $1 {[%emt 0:01:34]} 27. Rf7 {[%emt 0:01:01]} Qc7 $2 {[%emt 0:03:01] [#]} (27... Qb5 $11) 28. Qh4 $1 {[%emt 0:04:09]} ({Not} 28. Rxh7 Rc8 $11) 28... Kd8 {[%emt 0:02:03]} 29. Qf2 {[%emt 0:01:07]} Kd7 $2 {[%emt 0:01:27] [#]} (29... Ke8 30. Qf6 Bxf6 31. Rxc7 Bd8) 30. Rxe7+ $1 {[%emt 0:00:28]} Kxe7 {[%emt 0:00:10]} 31. Qf6+ {[%emt 0:00:01]} Kd7 {[%emt 0:00:44]} 32. Qxh8 {[%emt 0:00:05]} Kc6 {[%emt 0:00:24]} 33. Qe8+ {[%emt 0:00:06]} Kb7 $18 {[%emt 0:00:43]} 34. Qxe6 {[%emt 0:00:08]} 1-0

[Event "Schachfestival Open-A 2018"]
[Site "Lueneburg"]
[Date "2018.07.06"]
[Round "1"]
[White "Poeck, Ole"]
[Black "Farokhi, Keyvan"]
[Result "1-0"]
[WhiteElo "2195"]
[BlackElo "1848"]
[Annotator "TA"]
[PlyCount "79"]
[EventDate "2018.07.06"]
[EventType "swiss"]
[EventCountry "GER"]
[SourceTitle "playchess.com"]
[Source "ChessBase"]
[SourceQuality "1"]

{[%evp 14,79,37,31,58,22,59,43,72,45,45,43,50,33,64,57,66,60,80,75,71,75,75,76,73,45,108,91,83,95,80,-23,-12,-22,0,0,70,66,98,48,137,116,133,40,42,44,45,21,30,36,22,23,24,20,14,0,165,167,680,460,317,0,29981,29982,29982,29983,29983,29981]} 1. d4 d5 2. c4 e6 3. Nf3 Nf6 4. Nc3 Be7 5. Bf4 O-O 6. e3 Nbd7 7. Rc1 dxc4 {D37: Queen's Gambit Declined: 5 Bf4} 8. Bxc4 {LiveBook: 6 Games} Nb6 $146 ({Predecessor:} 8... c5 9. dxc5 Nxc5 10. O-O Qxd1 11. Rfxd1 b6 12. Ne5 Bb7 13. f3 Rfd8 {1-0 (52) Nikolaidis,I (2535)-Mitsis,G (2258) Heraklion 2018}) 9. Qe2 c6 {The position is equal.} 10. O-O Nbd5 11. Bg5 Nxc3 12. bxc3 h6 13. Bh4 Ne4 14. Bxe7 Qxe7 15. Bd3 Nf6 {[%cal Be4f6,Bf6d5,Bd5b4][%mdl 32]} 16. e4 c5 17. e5 Nd5 18. Qe4 {[%csl Gd3][%cal Re4h7]} g6 19. h4 h5 (19... Bd7 $14) 20. c4 Nb4 21. Bb1 $1 cxd4 22. g4 (22. Nxd4 $16 Na6 23. Nb5) 22... Bd7 $1 $11 {[%cal Rd7c6] And now ...Bc6 would win.} 23. Ng5 Bc6 24. Qxd4 {aiming for gxh5.} f6 (24... Rad8 $11 25. Qxa7 hxg4) 25. exf6 $14 Qxf6 26. Qe3 e5 ({Better is} 26... Qf4 $14) 27. gxh5 $16 gxh5 28. Qh3 ({White should try} 28. a3 $16 Na6 29. Qe2) 28... Rae8 29. Rc3 {[%cal Bc1c3,Bc3g3,Bg3g5][%mdl 32] Threatens to win with Nh7.} Re7 30. Rg3 Kh8 $1 31. a3 Na6 32. Be4 Bxe4 33. Nxe4 Qf4 34. Qg2 Rc7 $2 (34... Nc7 $11 {and Black stays safe.}) 35. Rg5 $1 $18 {[%cal Rg5h5]} Qxh4 $2 (35... Rh7) 36. Rd1 {Hoping for Rd6.} Rxc4 {[#]} 37. Nf6 $1 $40 {[%mdl 640] White attacks.} Rcc8 $2 {[%mdl 8192]} (37... Rg4 $11 38. Rxh5+ {[#]} Qxh5 $1 {[%mdl 512]} 39. Nxg4 Rg8) (37... Rxf6 38. Rg8+) 38. Rxh5+ {White mates.} Qxh5 39. Nxh5 {[%csl Gh5][%cal Rg2g7]} Rg8 40. Ng3 {Precision: White = 53%, Black = 36%.} 1-0